000 01146nam a2200265Ia 4500
001 22091
005 20260320113342.0
008 260320s9999||||xx |||||||||||||| ||und||
020 _a9786125136787
041 _aESP
082 _a720.98541
_bZ55
100 _aZeballos Velarde, Carlos Renzo,
_eAUT
245 0 _aArequipa moderna y contemporánea II :
_b1941-2025, una historia urbano arquitectónica
246 _a
_5
_b
250 _aPrimera edición
260 _aArequipa :
_bUniversidad Nacional de San Agustín,
_c2025
300 _a586 páginas :
_bcuadros, figuras ;
_c27 cm.
_e
440 _a
_n
_v
650 _aABD
653 _aArquitectura - Perú - Arequipa -Historia; Arquitectura moderna - Siglos XIX-XX; Urbanismo - Perú -Arequipa - Historia; Diseño arquitectónico - Perú - Arequipa - Historia; Arequipa (Perú : Departamento) - Monumentos históricos; Arequipa (Perú : Departamento) - Historia
654 _aCAU
700 _a
_c
856 _uhttps://0u210rwpm-y-https-www-architectureopenlibrary-com.itmsp.museknowledge.com/
_zVéase además: Base de datos Architecture Open Library
942 _cLIB
_dJUS
_fTRC
_2ddc
_n
999 _c22091
_d22091